League of legends Worlds - Statistiques

Statistiques générales
  • Ce quiz a été pris 116 fois
    97 depuis la dernière actualisation
  • Le résultat moyen est 11 sur 14
Statistiques - réponses
Année Champions Finaliste % Correct
2013 SK Telecom T1 Royal Club
95%
2015 SK Telecom T1 KOO Tiger
95%
2016 SK Telecom T1 Samsung Galaxy
95%
2023 T1 Weibo Gaming
95%
2024 T1 BiliBili Gaming
95%
2011 Fnatic against All authority
92%
2022 DRX T1
71%
2017 Samsung Galaxy SK Telecom T1
71%
2014 Samsung White Star Horn Royal Club
66%
2019 FunPlus Phoenix G2 Esports
61%
2021 Edward Gaming DWG KIA
59%
2018 Invictus Gaming Fnatic
59%
2020 DAMWON Gaming Suning
53%
2012 Taipei Assassins Azubu Frost
50%
Aucun quiz correspondant
Distribution des résultats
% des personnes avec chaque résultat
Percentile par nombre de réponses
Votre historique - résultats
Vous n’avez pas pris ce quiz depuis la dernière actualisation